• 首页
  • 本馆介绍
  • 公告通知
  • 最新文献
  • 馆藏检索
  • 电子资源
  • 读者导购
  • 参考咨询
  • 我的图书馆
  • 登录
  • 详细信息显示
  • 放入我的书架
  • 预约/预借图书
  • 作者相关作品
  • 分类相关作品
  • 丛书相关作品
  • 出版社相关作品

书目信息

  • 表格格式
  • 工作单格式
  • 卡片格式
题名:
体育运动概论与常见球类运动
    
 
作者: 李志明 , 常璐艳 , 潘桂芝 主编
分册:  
出版信息: 北京   中国纺织出版社  2018
页数: 391页
开本: 26cm
丛书名:
单 册:
中图分类: G819 , G84
科图分类:
主题词: 体育运动--Ti Yu Yun Dong--高等学校--教材 , 球类运动--Qiu Lei Yun Dong--高等学校--教材
电子资源:
ISBN: 978-7-5180-3622-6
000 01530nam0 2200313 45
001 012001003951
005 20131015080137.0
010    @a978-7-5180-3622-6@dCNY118.00
099    @aCAL 012018109588
100    @a20180706d2018 ekmy0chiy50 ea
101 0  @achi
102    @aCN@b110000
105    @aa a 000yy
106    @ar
200 1  @a体育运动概论与常见球类运动@ATi Yu Yun Dong Gai Lun Yu Chang Jian Qiu Lei Yun Dong@f主编李志明, 常璐艳, 潘桂芝
210    @a北京@c中国纺织出版社@d2018
215    @a391页@c图@d26cm
320    @a有书目 (第390-391页)
330    @a随着经济社会的不断发展与人们生活水平的不断提高, 体育运动越来越成为人们生活的重要组成部分, 越来越多的人参与到体育运动中来, 这种现象更是成了一种社会的时尚和文化趋势。在体育运动中, 球类运动拥有特别广泛的群众基础, 并且具有本质的稳定性、内容的延展性、形态的多样性、体验的直观性等文化特征。本选题大概分为两个部分的内容, 第一部分是理论篇, 阐述了体育运动的一些基本概念与体育运动的欣赏、营养、保健、卫生、评价等内容; 第二部分为实践内容, 分别讲述了足球、篮球、排球、乒乓球、羽毛球、网球等常见的一些球类运动, 包括这些球类运动常见的技术、战术、运动训练、运动损伤处理、身体素质训练等。
333    @a高校相关专业师生
606 0  @a体育运动@ATi Yu Yun Dong@x高等学校@j教材
606 0  @a球类运动@AQiu Lei Yun Dong@x高等学校@j教材
690    @aG819@v5
690    @aG84@v5
701  0 @a李志明@ALi Zhi Ming@4主编
701  0 @a常璐艳@AChang Lu Yan@4主编
701  0 @a潘桂芝@APan Gui Zhi@4主编
801    @b江苏凤凰@c20191020
905    @b1234416-8@dG819@e35@f3
    
    体育运动概论与常见球类运动/主编李志明, 常璐艳, 潘桂芝.-北京:中国纺织出版社,2018
    391页:图;26cm
    使用对象:高校相关专业师生
    
    ISBN 978-7-5180-3622-6:CNY118.00
    随着经济社会的不断发展与人们生活水平的不断提高, 体育运动越来越成为人们生活的重要组成部分, 越来越多的人参与到体育运动中来, 这种现象更是成了一种社会的时尚和文化趋势。在体育运动中, 球类运动拥有特别广泛的群众基础, 并且具有本质的稳定性、内容的延展性、形态的多样性、体验的直观性等文化特征。本选题大概分为两个部分的内容, 第一部分是理论篇, 阐述了体育运动的一些基本概念与体育运动的欣赏、营养、保健、卫生、评价等内容; 第二部分为实践内容, 分别讲述了足球、篮球、排球、乒乓球、羽毛球、网球等常见的一些球类运动, 包括这些球类运动常见的技术、战术、运动训练、运动损伤处理、身体素质训练等。
●
相关链接 在E读中查询图书 在五车中查询图书 在当当中查询图书 在豆瓣中查询图书


正题名:体育运动概论与常见球类运动     索取号:G819/35         预约/预借

序号 登录号 条形码 馆藏地/架位号 状态 备注
1 1234416   212344168   第一样本阅览室/ [索取号:G819/35] 在馆    
2 1234417   212344177   教育系资料室/ [索取号:G819/35] 在馆    
3 1234418   212344186   第四借阅区/ [索取号:G819/35] 在馆    
唐山师范学院图书馆 欢迎您!
大连网信软件有限公司© 版权所有